000 01082cam a22002054a 4500
005 20250605164225.0
008 250528s ||||||||||||||||||||||||d
035 _a20816
020 _a9781446282359
040 _aGR-AtMCL
_bgre
_dGR-AtMCL
_eAACR2
245 1 _aReflective Practice / Writing and Professional Development: Fourth Edition
250 _a4th
260 _bSage Publications,
_c2014
300 _a232
520 _aThe most important tool in any professional's repertoire for dealing with problems with no straightforward response. Foreword, Acknowledgements, Reflective Practice: An Introduction, Values and Principle of Reflective Practice, Theories and Contexts of Reflective Practice, The Power of Narrative, Perspective, The Power of Metaphor, Writing as Reflection, Reflective and Reflexive Writing: How, Reflective Practice Journals, Assessment and Evaluation, Reflective Writing and Team Development, Reflection on Reflection, References, Author and Subject Index.
700 1 _aBolton Gillie
_93789
942 _cBK
999 _c5898
_d5898